Ariana Grande Albums - Sudden Death - Statistics

General Stats
  • This quiz has been taken 206 times
  • The average score is 6 of 7
Answers on the Grid
Answers color-coded by a green-red scale on the quiz's grid according to % correct below.
Yours Truly
Wicked
Think Later
thank u, next
Sweetener
Short n' Sweet
Rainbow
Positions
My Everything
Midnights
Lover
Happier Than Ever
Guts
folklore
Eternal Sunshine
Dangerous Woman
 
Answer Stats
Answer % Correct
Yours Truly
92%
Sweetener
87%
thank u, next
86%
Dangerous Woman
84%
My Everything
84%
Eternal Sunshine
82%
Positions
81%
No matching quizzes found
Score Distribution
Percent of People with Each Score
Percentile by Number Answered
Your Score History
You have not taken this quiz